000 00467nam a2200145 a 4500
008 120416s2004 ||||||||||||||||| || u
050 _aZIM(05)
245 1 4 _aThe Marketer
246 _aZambia Institute of Marketing
250 _a3rd quarte
260 _aLusaka
_bNC Communications
_c2004
300 _a28p. : ill.
350 _a0.00
995 _D0.00
_FCBU-MAIN LIBRARY (Kitwe)
_H1
_I0.00
_UAVAILABLE
_ZZambiana Collection
999 _c50386
_d50386